000 01311nam a2200301 i 4500
001 bg
245 0 0 _aTechnical construction language /
_cthe promoter of the LdV Project Andrzej Minasowicz and the co-oridinator of the LdV Project Paweł Nowak [et al.].
260 _aWarszawa :
_bPoltext,
_c2007.
300 _a183 s. ;
_c24 cm +
_e1 dysk optyczny (CD ROM).
490 1 _aEnglish for Construction and Engineers
_v1
500 _aTyt. na CD ROM: Teachers manual for intermediate course No.1. Technical Construction language and English-Portuguese management in construction dictionary.
650 _aJęzyk angielski
_ypodręcznik akademicki
650 _aTechnika
_xterminologia
_ypodręcznik akademicki
650 _aBudownictwo
_xterminologia
_ypodręcznik akademicki
650 _aInżynieria środowiska
_xterminologia
_ypodręcznik akademicki
700 1 _aMinasowicz, Andrzej.
_eOprac.
700 1 _aNowak, Paweł.
_eOprac.
740 0 2 _aTeachers manual for intermediate course
830 _aEnglish for Construction and Engineers
020 _a9788375610017
040 _cBPK
041 0 _aeng
044 _aPOL
080 _a811.111(075.8):69:628.1/.8
942 _cKS
008 s pl f |000 0 pol
999 _c54613
_d54613
856 _uhttp://koha.tu.koszalin.pl/cgi-bin/koha/opac-detail.pl?biblionumber=54613
_yKatalog online BPK